03244nam a2200325Ia 4500003000400000005001700004008004100021020001800062040001800080041000800098082001900106100003200125245007700157250001300234260006200247300002900309500071800338505109101056650002202147651003902169651003602208651004002244700003002284700002902314942002802343999001902371952016102390952018602551952018102737OSt20250412143823.0210716s2003 xx 000 0 und d a9789353162597 cAIMIT LIBRARY aeng a339 212bDORR aDornbusch, Rudiger.9127679 aMacroeconomics /cRudiger Dornbusch ,Stanley Fischer and Richard Startz. a12th ed. aNew Delhi :bTata McGraw Hill Publishing Company ,c2003. axix,652p. ;bPBc23.7 cm aDornbusch, Fischer, and Startz has been a long-standing, leading intermediate macroeconomic theory text since its introduction in 1978. This revision retains most of the text's traditional features, including a middle-of-the-road approach and very current research, while updating and simplifying the exposition. A balanced approach explains both the potential and limitations of economic policy. Macroeconomics employs a model-based approach to macroeconomic analysis and demonstrates how various models are connected with the goal of giving students the capacity to analyze current economic issues in the context of an economic frame of reference. The only pre-requisite continues to be principles of economics. aPart 1 - Introduction and National Income Accounting Chapter 1 - Introduction Chapter 2 - National Income Accounting Part 2 - Growth, Aggregate Supply and Demand, and Policy Chapter 3 - Growth and Accumulation Chapter 4 - Growth and Policy Chapter 5 - Aggregate Supply and Demand Chapter 6 - Aggregate Supply and the Phillips Curve Chapter 7 - Unemployment Chapter 8 - Inflation Chapter 9 - Policy Preview Part 3 - First Models Chapter 10 - Income and Spending Chapter 11 - Money, Interest, and Income Chapter 12 - Monetary and Fiscal Policy Chapter 13 - International Linkages Part 4 - Behavioral Foundations Chapter 14 - Consumption and Saving Chapter 15 - Investment Spending Chapter 16 - The Demand for Money Chapter 17 - The Fed, Money, and Credit Chapter 18 - Policy Chapter 19 - Financial Markets and Asset Prices Chapter 20 - The National Debt Part 5 - Big Events, International Adjustments, and Advanced Topics Chapter 21 - Recession and Depression Chapter 22 - Inflation and Hyperinflation Chapter 23 - International Adjustment and Interdependence Chapter 24 - Advanced Topics aEconomics9127680 aNational income accounting9127681 aGrowth and accumulation9127682 aAggregate supply and demand9127683 aFischer, Stanley.9127684 aStartz, Richard.9127685 2ddccBKe12thk339 DORR c211024d211024 00102ddc40708MBAaAIMITbAIMITd2019-03-12g795.00iBill no:5381; Bill dt:2019-03-11l0o339 DORRpMBA13592r2026-05-23 00:00:00v636.00w2021-07-16yBK 00102ddc40708MBAaAIMITbAIMITcECOd2025-03-11eBiblios Book Pointg975.00iBill no:7466; Bill dt:2025/3/11l0o339 DORRpMBA14920r2026-05-23 00:00:00v760.50w2025-04-12yBK 00102ddc40708MBAaAIMITbAIMITd2025-03-11eBiblios Book Pointg975.00iBill no:7466; Bill dt:2025/3/11l0o339 DORRpMBA14921r2026-05-23 00:00:00v760.50w2025-04-12yBK